LEADER 01064nam--2200325---450- 001 990006049160203316 005 20150612164635.0 035 $a000604916 035 $aUSA01000604916 035 $a(ALEPH)000604916USA01 035 $a000604916 100 $a20150612d1898----km-y0itay50------ba 101 $aita 102 $aIT 105 $a||||||||001yy 200 1 $a<> Codice vallicelliano C III$econtributo allo studio delle dottrine religiose di Claudio, vescovo di Torino$fNota del Dott. Giuseppe Boffito, barnabita 210 $aTorino$cC. Clausen$d1898 215 $a38 p.$d25 cm 300 $aGià pubblicato in: Atti della R. Accademia delle Scienze di Torino, 33 (1898) 606 0 $aCodice vallicelliano C III$2BNCF 676 $a091 700 1$aBOFFITO,$bGiuseppe$054567 801 0$aIT$bsalbc$gISBD 912 $a990006049160203316 951 $aFC.OE. 461$b545 FCil$cFC.OE.$d377095 959 $aBK 969 $aFCIL 979 $aGENEROSO$b90$c20150612$lUSA01$h1646 996 $aCodice vallicelliano C III$91076701 997 $aUNISA LEADER 05115oam 2200613 c 450 001 996435447903316 005 20220221094418.0 010 $a3-8394-5794-7 024 3 $a9783839457948 035 $a(CKB)5590000000487007 035 $a(transcript Verlag)9783839457948 035 $a(MiAaPQ)EBC6956353 035 $a(Au-PeEL)EBL6956353 035 $a(DE-B1597)579612 035 $a(OCoLC)1264710074 035 $a(DE-B1597)9783839457948 035 $a(EXLCZ)995590000000487007 100 $a20220221d2021 uy 0 101 0 $ager 135 $aurnnunnnannuu 181 $ctxt$2rdacontent 182 $cc$2rdamedia 183 $acr$2rdacarrier 200 10$aChirale Welten$eZur Wissenschaftssoziologie des disziplina?ren Wandels der Chemie$fSandra Lang 205 $a1st ed. 210 $aBielefeld$ctranscript Verlag$d2021 215 $a1 online resource (276 p.)$c7 SW-Abbildungen, 12 Farbabbildungen 225 0 $aScience Studies 311 $a3-8376-5794-9 327 $aCover -- Inhalt -- 1 Einleitung -- 1.1 Die Felder der Chemie im Wandel -- 1.2 Die molekulare Welt als soziale Arena -- 1.3 Molekulare Chiralität im Spiegel disziplinärer Boundary Work -- 1.4 Vorstellung der Interview-Partner/innen -- 2 Chiralität - zur Entstehung und Entwicklung einer chemischen Tatsache -- 2.1 Der lange Weg zum dreidimensionalen molekularen Weltbild -- 2.2 Moleküle vom Reißbrett: die Anfänge chemischer Synthetik und Industrie -- 2.3 Die Kulturen der Chemie im Kontext von Quantenmechanik und NMR-Revolution -- 2.4 Zwischenfazit: Die Rolle der Chiralität in der Konstitution der molekularen Welt -- 3 ?A materials way of thinking": Chiralität in Nano-, Material- und Oberflächenforschung -- 3.1 Physik oder Chemie? Eine kleine Geschichte des Materials -- 3.2 Helizität, planare Chiralität und andere physikalische Zugriffe -- 3.3 Chiralität im ?strengen Sinne" -- 4 Vom kleinen zum großen Molekül: Zugänge zur Chiralität in der pharmazeutischen Industrie -- 4.1 Die Transformation der chemisch-pharmazeutischen Industrie -- 4.2 ?Magic bullet drugs": Zur Chiralität des kleinen Moleküls -- 4.3 Die Unsichtbarkeit der Chiralität im Paradigmades großen Biomoleküls -- 5 ?Die machen uns die Moleküle" -Zur Grenzarbeit zwischen Biomedizin und Chemie -- 5.1 Die Präidee der Arbeitsteilung zwischen Chemie und Biomedizin -- 5.2 Das Versagen der Arbeitsteilung im Contergan-Fall -- 5.3 Reflexionen zum Konzept der translationalen Medizin -- 6 ?Wir gehen so tief wie man nur gehen kann": Chiralität in Quantenchemie und Wissenschaftsphilosophie -- 6.1 Ist Chemie auf (Quanten-)Physik reduzierbar? -- 6.2 ?Chirality as a unifying concept" -- 6.3 Chiralität als irreduzible Eigenschaft in der Philosophieder Chemie -- 7 Schluss und Ausblick -- Abbildungsverzeichnis -- Literatur. 330 $aDie Chemie bu?ßt zugunsten physikalischer und lebenswissenschaftlicher Konzeptionen zunehmend an Deutungsmacht u?ber die molekulare Welt ein. Sandra Lang untersucht, inwiefern die Ausdifferenzierung der chemischen Wissenschaften mit sich ebenfalls ausdifferenzierenden Zugriffen auf das Molekulare zusammenha?ngt. Anhand der vier exemplarischen Grenzfelder Materialwissenschaften, Biomedizin, Pharmazie und Quantenchemie und deren Narrative zur molekularen Eigenschaft der Chiralita?t veranschaulicht sie die transformative Phase der Chemie angesichts sich wandelnder Innovationsdispositive. 410 0$aScience Studies 606 $aChemie; Chiralita?t; Moleku?lkonzept; Naturwissenschaften; Grenzarbeit; Interdisziplinarita?t; Hybridita?t; Wissenschaft; Technik; Wissenschaftssoziologie; Techniksoziologie; Wissenssoziologie; Wissenschaftsgeschichte; Soziologie; Chemistry; Chirality; Molecule Concept; Natural Sciences; Border Work; Interdisciplinarity; Hybridity; Science; Technology; Sociology of Science; Sociology of Technology; Sociology of Knowledge; History of Science; Sociology; 610 $aBorder Work. 610 $aChirality. 610 $aHistory of Science. 610 $aHybridity. 610 $aInterdisciplinarity. 610 $aMolecule Concept. 610 $aNatural Sciences. 610 $aScience. 610 $aSociology of Knowledge. 610 $aSociology of Science. 610 $aSociology of Technology. 610 $aSociology. 610 $aTechnology. 615 4$aChemie; Chiralita?t; Moleku?lkonzept; Naturwissenschaften; Grenzarbeit; Interdisziplinarita?t; Hybridita?t; Wissenschaft; Technik; Wissenschaftssoziologie; Techniksoziologie; Wissenssoziologie; Wissenschaftsgeschichte; Soziologie; Chemistry; Chirality; Molecule Concept; Natural Sciences; Border Work; Interdisciplinarity; Hybridity; Science; Technology; Sociology of Science; Sociology of Technology; Sociology of Knowledge; History of Science; Sociology; 700 $aLang$b Sandra$pTechnische Universita?t Mu?nchen, Deutschland$4aut$01204662 801 0$btranscript Verlag 801 1$btranscript Verlag 906 $aBOOK 912 $a996435447903316 996 $aChirale Welten$92780267 997 $aUNISA LEADER 03755nam 2200793Ia 450 001 9910154972403321 005 20200520144314.0 010 $a9780889207905 010 $a0889207909 024 7 $a10.51644/9780889207905 035 $a(CKB)2430000000002435 035 $a(OCoLC)243568732 035 $a(CaPaEBR)ebrary10139820 035 $a(SSID)ssj0000382269 035 $a(PQKBManifestationID)12103618 035 $a(PQKBTitleCode)TC0000382269 035 $a(PQKBWorkID)10391947 035 $a(PQKB)11629483 035 $a(CaPaEBR)402557 035 $a(CaBNvSL)jme00326863 035 $a(MiAaPQ)EBC3246419 035 $a(OCoLC)933516542 035 $a(MdBmJHUP)muse48067 035 $a(MiAaPQ)EBC3050291 035 $a(VaAlCD)20.500.12592/khp41d 035 $a(schport)gibson_crkn/2009-12-01/2/402557 035 $a(PPN)250538687 035 $a(DE-B1597)667798 035 $a(DE-B1597)9780889207905 035 $a(FR-PaCSA)88899397 035 $a(FRCYB88899397)88899397 035 $a(Perlego)1706383 035 $a(EXLCZ)992430000000002435 100 $a19810814d1980 uy 0 101 0 $aeng 135 $aurcn||||||||| 181 $ctxt 182 $cc 183 $acr 200 10$aMobility, elites, and education in French society of the second empire /$fby Patrick J. Harrigan 205 $a1st ed. 210 $aWaterloo, Ont. $cWilfrid Laurier University Press$d1980 215 $a1 online resource (220 p.) 300 $aIncludes index. 311 08$a9781554584802 311 08$a1554584809 311 08$a9780889200876 311 08$a0889200874 320 $aIncludes bibliography and index. 327 $tFront Matter -- $tContents -- $tList of Tables -- $tPreface -- $tIntroduction -- $tThe Social Origins of Students -- $tThe Occupational Expectations of Students -- $tGraduate Careers -- $tStatus Layers and Models -- $tSchooling, Mobility, and Modernism -- $tMagnificent Dreams, Dormant Fears, and Reality -- $tConclusion -- $tThe Evidence -- $tStatistical Methods -- $tBibliography: Published Sources Cited -- $tIndex 330 $aBased on a unique historical source, this book examines the social origins, career expectations, and first jobs of 28,000 students in the ?elitist? French secondary schools of the 1860s. Using sophisticated statistical analysis as well as conventional historical sources, the work concludes that schooling reached a wider audience than has been so far believed and that substantial social mobility occurred within the school system, but that family background, rather than educational factors, directed students? career aspirations and achievements. It also argues that although education expanded in urban, industrialized areas, mobility did not increase in these areas. A final chapter reconsiders nineteenth?century thought concerning education in the light of findings about the social effects of schools. 606 $aHigh school students$zFrance$xSocial conditions$y19th century 606 $aStudent aspirations$zFrance$xHistory$y19th century 606 $aOccupational mobility$zFrance$xHistory$y19th century 606 $aEducation, Secondary$zFrance$xHistory$y19th century 607 $aFrance$xSocial conditions 615 0$aHigh school students$xSocial conditions 615 0$aStudent aspirations$xHistory 615 0$aOccupational mobility$xHistory 615 0$aEducation, Secondary$xHistory 676 $a373.18/0944 700 $aHarrigan$b Patrick$01763376 801 0$bMiAaPQ 801 1$bMiAaPQ 801 2$bMiAaPQ 906 $aBOOK 912 $a9910154972403321 996 $aMobility, elites, and education in French society of the second empire$94203761 997 $aUNINA